| 000 | 00000nam##2200000za#4500 |
| 001 | 9.601206 |
| 003 | CaOODSP |
| 005 | 20210624205947 |
| 007 | cr ||||||||||| |
| 008 | 150406|1995||||xxc|||||o f|0| 0 fre|d |
| 040 | |aCaOODSP|bfre |
| 043 | |an-cn--- |
| 086 | 1 |aC21-24/4-1995F-PDF |
| 110 | 1 |aCanada.|bIndustrie Canada. |bDirection de l'analyse micro-économique. |
| 245 | 10|aL'impact économique des activités de fusion et d'acquisition sur les entreprises / |h[ressource électronique]|cpar Gilles Mcdougall. |
| 260 | |aOttawa - Ontario : |bIndustrie Canada. |cFévrier 1995. |
| 300 | |a52p.|bgraphiques, tableaux |
| 490 | 1 |aSérie de document de travail|vN° 4 |
| 504 | |aBibliographie. |
| 590 | |a12-10-Supp|b2012-03-23 |
| 720 | 1 |aMcdougall, Gilles |
| 775 | 08|tThe economic impact of mergers and acquisitions on corporations / |w(CaOODSP)9.570559 |
| 776 | 0#|tThe economic impact of mergers and acquisitions on corporations / |w(CaOODSP)9.525534 |
| 776 | 0#|tL'impact économique des activités de fusion et d'acquisition sur les entreprises / |w(CaOODSP)9.525535 |
| 830 | #0|aSérie de document de travail ;|vN° 4|w(CaOODSP)9.501123 |
| 856 | 40|ahttp://publications.gc.ca|qPDF|s566 Ko|uhttps://publications.gc.ca/collections/Collection/C21-24-4-1995F.pdf|yN° 4 |